Mi carrera (Registro nro. 177)

Detalles MARC
000 -LEADER
fixed length control field 01026 a2200217 4500
001 - CONTROL NUMBER
control field 265
005 - DATE AND TIME OF LATEST TRANSACTION
control field 20260407155418.0
008 - FIXED-LENGTH DATA ELEMENTS--GENERAL INFORMATION
fixed length control field 260407a2009 arg spa d
003 - CONTROL NUMBER IDENTIFIER
control field AR-UNSa-BCEJYS
040 ## - CATALOGING SOURCE
Original cataloging agency AR-UNSa-BCEJYS
Language of cataloging spa
Transcribing agency AR-UNSa-BCEJYS
080 ## - UNIVERSAL DECIMAL CLASSIFICATION NUMBER
Universal Decimal Classification number 331.108.4
Common auxiliary subdivision Carrera profesional dentro de la empresa
020 ## - INTERNATIONAL STANDARD BOOK NUMBER
International Standard Book Number 978-950-641-441-2
100 1# - MAIN ENTRY--PERSONAL NAME
Personal name Alles, Martha Alicia
245 10 - TITLE STATEMENT
Title Mi carrera
Name of part/section of a work cómo analizar, revisar y corregir su carrera laboral
264 #1 - PRODUCTION, PUBLICATION, DISTRIBUTION, MANUFACTURE, AND COPYRIGHT NOTICE
Place of production, publication, distribution, manufacture Buenos Aires :
Name of producer, publisher, distributor, manufacturer Granica
Date of production, publication, distribution, manufacture, or copyright notice 2009
300 ## - PHYSICAL DESCRIPTION
Extent 102 p.
Dimensions 18 cm
505 ## - FORMATTED CONTENTS NOTE
Formatted contents note 1. El significado de la carrera laboral para las personas - 2. Cómo analizar, revisar y corregir su propia carrera laboral - 3. El rol de la formación - 4. Hacer carrera dentro de la organización - 5. Los ejecutivos: secretos de su éxito - 6. ¿Qué puedo hacer para mejorar mi carrera laboral?
590 ## - LOCAL NOTE (RLIN)
Local note niveau_biblio:m niveau_hierar:0
856 41 - ELECTRONIC LOCATION AND ACCESS
Uniform Resource Identifier <a href="https://biblioeco.unsa.edu.ar/pmb/images/libros/Mi carrera2-l117542.jpg">https://biblioeco.unsa.edu.ar/pmb/images/libros/Mi carrera2-l117542.jpg</a>
Link text Imagen de portada
Electronic format type image/jpeg
942 ## - ADDED ENTRY ELEMENTS (KOHA)
Koha item type
Existencias
Withdrawn status Lost status Damaged status Not for loan Home library Current library Shelving location Date acquired Total checkouts Full call number Barcode Date last seen Price effective from Koha item type
        Biblioteca Prof. Eusebio Cleto del Rey Biblioteca Prof. Eusebio Cleto del Rey   07/04/2026   331.108.4 A422 L117542 07/04/2026 07/04/2026 Libro